Southville International School and Colleges
Your cart is empty.
  • Cart
  • Lists
    Public lists Eva Luna New books Lux_list list_1
    Your lists Log in to create your own lists
  • Log in to your account
  • Your cookies
  • Search history
Southville International School and Colleges
  • Advanced search
  • Recent comments
  • Most popular
  • Libraries

Log in to your account

Log in with GOOGLE


If you do not have an external account, but do have a local account, you can still log in:

  1. Home
  2. MARC view: The priming effect of family obligation on filipino students academic performance/
Normal view MARC view ISBD view

The priming effect of family obligation on filipino students academic performance/ (Record no. 361468)

[ view plain ]
MARC details
000 -LEADER
fixed length control field 00687nam a2200181Ia 4500
008 - FIXED-LENGTH DATA ELEMENTS--GENERAL INFORMATION
fixed length control field 190422s9999 xx 000 0 und d
100 ## - MAIN ENTRY--PERSONAL NAME
Personal name Retuya, Claudine O
245 #4 - TITLE STATEMENT
Title The priming effect of family obligation on filipino students academic performance/
245 ## - TITLE STATEMENT
Statement of responsibility, etc Claudine O. Retuya, Desiree Mae S. Ceniza, Jhamelyn M. Lara, Sheena Grace A. Tare and Khael T. Quinain.--
260 ## - PUBLICATION, DISTRIBUTION, ETC. (IMPRINT)
Name of publisher, distributor, etc Psychological Association of the Philippines
260 ## - PUBLICATION, DISTRIBUTION, ETC. (IMPRINT)
Date of publication, distribution, etc 2017
300 ## - PHYSICAL DESCRIPTION
Extent pages 159-173, December 2017
440 ## - SERIES STATEMENT/ADDED ENTRY--TITLE
Title Philippine Journal of Psychology
Volume number/sequential designation 50(2)
650 ## - SUBJECT ADDED ENTRY--TOPICAL TERM
Topical term or geographic name as entry element Academic Performance
650 ## - SUBJECT ADDED ENTRY--TOPICAL TERM
Topical term or geographic name as entry element Family Obligation
650 ## - SUBJECT ADDED ENTRY--TOPICAL TERM
Topical term or geographic name as entry element Filipino Students
650 ## - SUBJECT ADDED ENTRY--TOPICAL TERM
Topical term or geographic name as entry element Goal Orientation

No items available.

The priming effect of family obligation on filipino students academic performance/

APA

Retuya C. O., .The priming effect of family obligation on filipino students academic performance. : Psychological Association of the Philippines.

Chicago

Retuya Claudine O, .The priming effect of family obligation on filipino students academic performance. : Psychological Association of the Philippines.

Harvard

Retuya C. O., .The priming effect of family obligation on filipino students academic performance. : Psychological Association of the Philippines.

MLA

Retuya Claudine O, .: Psychological Association of the Philippines. .

  • Print
  • Cite
  • Add to your cart (remove)
  • Save record
    BIBTEX Dublin Core MARCXML MARC (non-Unicode/MARC-8) MARC (Unicode/UTF-8) MARC (Unicode/UTF-8, Standard) MODS (XML) RIS
  • More searches
    Search for this title in:
    Other Libraries (WorldCat) Other Databases (Google Scholar) Online Stores (Bookfinder.com) Open Library (openlibrary.org)

Exporting to Dublin Core...

SOUTHVILLE LIBRARY

Southville International School and Colleges Library

1281 Tropical Ave. Cor. Luxembourg St., BF Homes International, Las Pinas City

Tel. No. 8256374 / 252358 Loc. 117/146

Powered by Koha